Library of the University of Algiers 3
Ibrahim Sultan Cheibout
شعار جامعة الجزائر 3
مكتبة جامعة الجزائر 3
إبراهيم سلطان شيبوط

تسيير المؤسسة / (رقم التسجيلة. 41456)

تفاصيل مارك
000 -LEADER
fixed length control field 02025nam a2200229Ia 4500
003 - CONTROL NUMBER IDENTIFIER
control field Ost
005 - DATE AND TIME OF LATEST TRANSACTION
control field 20260416102402.0
008 - FIXED-LENGTH DATA ELEMENTS--GENERAL INFORMATION
fixed length control field 260416s9999||||xx |||||||||||||| ||und||
040 ## - CATALOGING SOURCE
Transcribing agency fsecg
041 ## - LANGUAGE CODE
Language code of text/sound track or separate title ara
082 ## - DEWEY DECIMAL CLASSIFICATION NUMBER
Classification number 658
100 ## - MAIN ENTRY--PERSONAL NAME
Personal name بوطالبي، معمر
Relator term مؤلف
245 #0 - TITLE STATEMENT
Title تسيير المؤسسة /
Statement of responsibility, etc. معمر بوطالبي
260 ## - PUBLICATION, DISTRIBUTION, ETC.
Place of publication, distribution, etc. الجزائر
Name of publisher, distributor, etc. جامعة الجزائر3: كلية العلوم الإقتصادية، العلوم التجارية وعلوم التسيير
Date of publication, distribution, etc. 2024
300 ## - PHYSICAL DESCRIPTION
Extent 122 ورقة
Other physical details ايضاحات
Dimensions 12 سم
504 ## - BIBLIOGRAPHY, ETC. NOTE
Bibliography, etc. note المراجع ص.114
520 ## - SUMMARY, ETC.
Summary, etc. تتناول هذه المطبوعة بشكل رئيسي مفاهيم ومبادئ الإدارة الحديثة. تبدأ المطبوعة بتتبع جذور الإدارة وتطورها عبر الزمن، ثم تغوص في جوانب الإدارة الأساسية مثل اتخاذ القرار والتخطيط الاستراتيجي والتنظيم والقيادة. كما تستعرض المطبوعة أهمية الحوافز والمكافآت والرقابة والاتصال في العملية الإدارية. وتخصص فصولاً مستقلة لمناقشة مواضيع حديثة مثل إدارة التغيير والمسئولية الإدارية وإدارة العمليات والذكاء الاستراتيجي والإبداع التنظيمي. وتختتم المطبوعة بتسليط الضوء على وظائف المؤسسة بشكل عام. بشكل عام، تقدم هذه المطبوعة نظرة شاملة وشاملة لمختلف جوانب الإدارة الحديثة، مما يجعلها مرجعًا قيمًا للدارسين والممارسين في هذا المجال.
653 ## - INDEX TERM--UNCONTROLLED
Uncontrolled term الإدارة الحديثة
653 ## - INDEX TERM--UNCONTROLLED
Uncontrolled term تسيير المؤسسة
710 ## - ADDED ENTRY--CORPORATE NAME
Corporate name or jurisdiction name as entry element جامعة الجزائر3: كلية العلوم الإقتصادية، العلوم التجارية وعلوم التسيير
Relator term ناشر علمي
942 ## - ADDED ENTRY ELEMENTS (KOHA)
Koha item type مطبوعات
المقتنيات
Withdrawn status Lost status Source of classification or shelving scheme Damaged status Not for loan Home library Current library Date acquired Serial enumeration / chronology Inventory number Total checkouts Full call number Barcode Date last seen Price effective from Koha item type
    Dewey Decimal Classification   NOT LOAN / إعارة داخلية مكتبة كلية العلوم الإقتصادية والعلوم التجارية وعلوم التسيير مكتبة كلية العلوم الإقتصادية والعلوم التجارية وعلوم التسيير 16/04/2026 الطابق الثاني مط.923-1   مط.923 ن1 مط.923-1 16/04/2026 16/04/2026 مطبوعات

موارد الويب المفتوحة


© University of Algiers 3 All Rights Reserved
|
Implemented by LECHELAH Riad